Southville International School and Colleges
Your cart is empty.
  • Cart
  • Lists
    Public lists Eva Luna New books Lux_list list_1
    Your lists Log in to create your own lists
  • Log in to your account
  • Your cookies
  • Search history
Southville International School and Colleges
  • Advanced search
  • Recent comments
  • Most popular
  • Libraries

Log in to your account

Log in with GOOGLE


If you do not have an external account, but do have a local account, you can still log in:

  1. Home
  2. MARC view: The public relations writer's handbook :
Normal view MARC view ISBD view

The public relations writer's handbook : (Record no. 22888)

[ view plain ]
MARC details
000 -LEADER
fixed length control field 00645nam a2200229 a 4500
005 - DATE AND TIME OF LATEST TRANSACTION
control field 20140310183436.0
008 - FIXED-LENGTH DATA ELEMENTS--GENERAL INFORMATION
fixed length control field 080130s19uu xx 00 eng d
020 ## - INTERNATIONAL STANDARD BOOK NUMBER
International Standard Book Number 9780787986315
050 ## - LIBRARY OF CONGRESS CALL NUMBER
Classification number HM 263
Item number .Ar7864 2007
100 ## - MAIN ENTRY--PERSONAL NAME
Personal name Aronson, Merry
245 ## - TITLE STATEMENT
Title The public relations writer's handbook :
Remainder of title the digital age /
Statement of responsibility, etc Merry Aronson.
250 ## - EDITION STATEMENT
Edition statement 2nd ed.
260 ## - PUBLICATION, DISTRIBUTION, ETC. (IMPRINT)
Place of publication, distribution, etc U.S.A :
Name of publisher, distributor, etc Jossey-Bass,
Date of publication, distribution, etc 2007.
300 ## - PHYSICAL DESCRIPTION
Extent 349 p. :
Other physical details ill. ;
Dimensions 25 cm.
521 ## - TARGET AUDIENCE NOTE
Target audience note
650 ## - SUBJECT ADDED ENTRY--TOPICAL TERM
Topical term or geographic name as entry element Public relations.
650 ## - SUBJECT ADDED ENTRY--TOPICAL TERM
Topical term or geographic name as entry element Public relations
General subdivision Authorship.
700 ## - ADDED ENTRY--PERSONAL NAME
Personal name Spetner, Don
700 ## - ADDED ENTRY--PERSONAL NAME
Personal name Ames, Carol
942 ## - ADDED ENTRY ELEMENTS (KOHA)
Koha item type Books
Source of classification or shelving scheme Library of Congress Classification
Call number prefix Foreign
Holdings
Withdrawn status Lost status Source of classification or shelving scheme Damaged status Home library Current library Shelving location Date acquired Source of acquisition Total Checkouts Total Renewals Full call number Barcode Date last seen Date checked out Copy number Price effective from Koha item type
    Library of Congress Classification   College Library College Library General Circulation Section 01/11/2014 Donation 2 1 HM 263 .Ar7864 2007 C9142 05/15/2018 08/28/2015 1 01/11/2014 Books

The public relations writer's handbook :

APA

Aronson M., Spetner D. & Ames C. (2007). The public relations writer's handbook. U.S.A: Jossey-Bass.

Chicago

Aronson Merry, Spetner Don and Ames Carol. 2007. The public relations writer's handbook. U.S.A: Jossey-Bass.

Harvard

Aronson M., Spetner D. and Ames C. (2007). The public relations writer's handbook. U.S.A: Jossey-Bass.

MLA

Aronson Merry, Spetner Don and Ames Carol. The public relations writer's handbook. U.S.A: Jossey-Bass. 2007.

  • Place hold
  • Print
  • Cite
  • Add to your cart (remove)
  • Save record
    BIBTEX Dublin Core MARCXML MARC (non-Unicode/MARC-8) MARC (Unicode/UTF-8) MARC (Unicode/UTF-8, Standard) MODS (XML) RIS
  • More searches
    Search for this title in:
    Other Libraries (WorldCat) Other Databases (Google Scholar) Online Stores (Bookfinder.com) Open Library (openlibrary.org)

Exporting to Dublin Core...

SOUTHVILLE LIBRARY

Southville International School and Colleges Library

1281 Tropical Ave. Cor. Luxembourg St., BF Homes International, Las Pinas City

Tel. No. 8256374 / 252358 Loc. 117/146

Powered by Koha